00422 2200157 4500001002100000008004100021035002000062245004800082100001900130260005400149020001700203084001400220082000800234650001000242990001200252INLIS000000000003343 ind  a0010-0226000009 aSilver Toe Shoes 4 ( Komik )cKimiko Uehara aUehara, Kimiko aJakartabPT. Elex Media Komputindo Gramediac1993 a979-37-593-8 a741 UEH s a741 aKomik a0754519